000 00301nam a2200133Ia 4500
008 100328s9999 xx 000 0 und d
082 _b2469
100 _aMurphy James
245 _aAdolf Hitler
260 _bChapman And Hall
630 _aAdolf Hitler
730 _aAdolf Hitler
942 _cBOOK
999 _c498682
_d498679